[Event "Chelyabinsk"]
[Site "?"]
[Date "2019.01.12"]
[Round "1.10"]
[White "Nugumanov, Bakhtiyar"]
[Black "Mischuk, Dmitry"]
[Result "1-0"]
[BlackElo "2357"]
[WhiteElo "2391"]
[LiveChessVersion "1.4.8"]

1. e4 {[%clk 1:30:52]} e5 {[%clk 1:30:55]} 2. Nf3 {[%clk 1:30:56]} Nc6
{[%clk 1:30:09]} 3. Bc4 {[%clk 1:30:48]} Nf6 {[%clk 1:30:31]} 4. d3
{[%clk 1:30:53]} h6 {[%clk 1:29:44]} 5. Nbd2 {[%clk 1:29:39]} g6 {[%clk 1:28:47]}
6. a4 {[%clk 1:25:21]} Bg7 {[%clk 1:17:14]} 7. O-O {[%clk 1:25:13]} O-O
{[%clk 1:17:11]} 8. Re1 {[%clk 1:24:02]} d6 {[%clk 1:17:09]} 9. Nf1
{[%clk 1:22:03]} Nh5 {[%clk 1:10:43]} 10. c3 {[%clk 1:18:57]} Kh7
{[%clk 1:02:08]} 11. Ne3 {[%clk 1:15:54]} Rb8 {[%clk 0:43:46]} 12. a5
{[%clk 1:10:24]} Bd7 {[%clk 0:26:09]} 13. d4 {[%clk 1:07:11]} b6 {[%clk 0:21:17]}
14. axb6 {[%clk 1:02:20]} axb6 {[%clk 0:20:28]} 15. dxe5 {[%clk 1:00:27]} Nxe5
{[%clk 0:20:09]} 16. Nxe5 {[%clk 1:00:35]} Bxe5 {[%clk 0:20:15]} 17. g3
{[%clk 0:59:50]} Bg7 {[%clk 0:10:32]} 18. Nf5 {[%clk 0:55:56]} gxf5
{[%clk 0:09:54]} 19. Qxh5 {[%clk 0:56:11]} Qf6 {[%clk 0:09:20]} 20. Ra7
{[%clk 0:51:24]} fxe4 {[%clk 0:05:36]} 21. Rxc7 {[%clk 0:51:13]} Rbc8
{[%clk 0:01:01]} 22. Rxc8 {[%clk 0:50:12]} Rxc8 {[%clk 0:01:05]} 23. Bd5
{[%clk 0:48:24]} Re8 {[%clk 0:00:49]} 24. Rxe4 {[%clk 0:48:07]} Rxe4
{[%clk 0:01:04]} 25. Bxe4+ {[%clk 0:48:35]} Kg8 {[%clk 0:01:31]} 26. Qd5
{[%clk 0:46:21]} Bf8 {[%clk 0:01:53]} 27. Be3 {[%clk 0:46:26]} b5
{[%clk 0:01:49]} 28. Bd4 {[%clk 0:43:54]} Qe6 {[%clk 0:01:47]} 29. Qa8
{[%clk 0:42:00]} Qb3 {[%clk 0:01:31]} 30. Qa1 {[%clk 0:37:54]} Bg7
{[%clk 0:00:50]} 31. Bxg7 {[%clk 0:38:04]} Kxg7 {[%clk 0:01:18]} 32. Qc1
{[%clk 0:37:48]} Be6 {[%clk 0:01:24]} 33. Qd2 {[%clk 0:37:44]} Bh3
{[%clk 0:00:46]} 34. Bd5 {[%clk 0:36:10]} Qa4 {[%clk 0:01:15]} 35. Qd4+
{[%clk 0:36:20]} Qxd4 {[%clk 0:01:12]} 36. cxd4 {[%clk 0:36:48]} Kf6
{[%clk 0:01:40]} 37. b4 {[%clk 0:36:06]} Be6 {[%clk 0:02:06]} 38. Bc6
{[%clk 0:36:19]} Bc4 {[%clk 0:02:34]} 39. f3 {[%clk 0:35:16]} Ke6
{[%clk 0:02:55]} 40. Bb7 {[%clk 0:31:38]} f5 {[%clk 0:01:06]} 41. Kf2
{[%clk 0:28:40]} Kd7 {[%clk 0:00:37]} 42. d5 {[%clk 0:28:39]} Ke7
{[%clk 0:00:45]} 43. Ke3 {[%clk 0:28:44]} Kf6 {[%clk 0:01:09]} 44. Kf4
{[%clk 0:28:30]} Kg6 {[%clk 0:01:09]} 45. h4 {[%clk 0:27:43]} h5 {[%clk 0:00:44]}
46. Bc6 {[%clk 0:27:52]} Kf6 {[%clk 0:01:07]} 47. Bd7 {[%clk 0:26:59]} Bd3
{[%clk 0:01:18]} 48. Be8 {[%clk 0:25:16]} Bc4 {[%clk 0:01:41]} 49. Bxh5
{[%clk 0:25:10]} Bxd5 {[%clk 0:02:08]} 50. Be8 {[%clk 0:25:10]} Bc4
{[%clk 0:02:12]} 51. g4 {[%clk 0:24:04]} fxg4 {[%clk 0:02:33]} 52. fxg4
{[%clk 0:24:33]} d5 {[%clk 0:03:02]} 53. h5 {[%clk 0:24:07]} d4 {[%clk 0:03:27]}
54. g5+ {[%clk 0:24:16]} Ke7 {[%clk 0:03:37]} 55. h6 {[%clk 0:23:22]} Bd3
{[%clk 0:04:03]} 56. Bxb5 {[%clk 0:23:40]} 1-0